=LDR 00000nam 2200000 4500 =001 INLIS000000000005216 =005 20251009011055 =035 ##$$a 0010-1025000271 =007 ta =008 251009###########################0#ind## =082 ##$$a 305.42 =084 ##$$a 305.42 BAD s =100 #$$a Badan Koordinasi Keluarga Berencana Nasional =245 1#$$a Sambutan Deputy Bidang Pembinaan Operasional Program pada Seminar Sehari Keterpaduan Kelompok UPPKA-KB dengan Koperasi/KUD /$c Badan Koordinasi Keluarga Berencana Nasional =260 ##$$a Jakarta :$b Badan Koordinasi Keluarga Berencana Nasional,$c 1991 =300 ##$$a 5 Hal : $b Ilus ; $c 21 =650 #4$$a Keluarga Berencana =856 ##$$a Perpustakaan Kemendukbangga